Pschology (Record no. 251263)
[ view plain ]
| 000 -LEADER | |
|---|---|
| fixed length control field | 00240nam a22001097a 4500 |
| 020 ## - INTERNATIONAL STANDARD BOOK NUMBER | |
| ISBN | 0131917730 |
| 100 ## - MAIN ENTRY--AUTHOR NAME | |
| Personal name | Carole Wade &Carole Tavris |
| 245 ## - TITLE STATEMENT | |
| Title | Pschology |
| 250 ## - EDITION STATEMENT | |
| Edition statement | 7th ed |
| 260 ## - PUBLICATION, DISTRIBUTION, ETC. (IMPRINT) | |
| Place of publication | U.S.A |
| Name of publisher | Prentice Hall |
| Year of publication | 2005 |
| 942 ## - ADDED ENTRY ELEMENTS (KOHA) | |
| Koha item type | Long Loan Books |
| Withdrawn status | Lost status | Collection code | Home library | Current library | Shelving location | Date acquired | Full call number | Accession Number | Koha item type |
|---|---|---|---|---|---|---|---|---|---|
| Non-fiction | Rongo University Library | Rongo University Library | General Stacks | 12/11/2015 | BF 121.W334 2005 | 20155237 | Long Loan Books | ||
| Non-fiction | Rongo University Library | Rongo University Library | General Stacks | 19/08/2016 | BF121.W334 2005 | 201617265 | Long Loan Books | ||
| Non-fiction | Rongo University Library | Rongo University Library | General Stacks | 27/02/2017 | BF121.W3342005 | 201616422 | Long Loan Books | ||
| Non-fiction | Rongo University Library | Rongo University Library | General Stacks | 02/03/2017 | BF121.W334 2005 | 201618324 | Long Loan Books | ||
| Non-fiction | Rongo University Library | Rongo University Library | General Stacks | 20/03/2017 | BF 121.W334 2005 | 201615309 | Long Loan Books | ||
| Non-fiction | Rongo University Library | Rongo University Library | General Stacks | 24/03/2017 | BF 121.W334 2005 | 201616129 | Long Loan Books | ||
| Non-fiction | Rongo University Library | Rongo University Library | General Stacks | 17/05/2017 | BF121.W38 2005 | 201700141 | Long Loan Books | ||
| Non-fiction | Rongo University Library | Rongo University Library | General Stacks | 23/05/2017 | BF 121.W334 2005 | 20155236 | Long Loan Books | ||
| Non-fiction | Rongo University Library | Rongo University Library | General Stacks | 23/05/2017 | BF 121.W334 2005 | 201617137 | Long Loan Books | ||
| Non-fiction | Rongo University Library | Rongo University Library | General Stacks | 29/05/2017 | BF121.W334 2005 | 201613316 | Long Loan Books | ||
| Non-fiction | Rongo University Library | Rongo University Library | General Stacks | 29/05/2017 | BF121.W334 2005 | 201614310 | Long Loan Books | ||
| Non-fiction | Rongo University Library | Rongo University Library | General Stacks | 06/09/2017 | BF 121.W334 2005 | 201614969 | Long Loan Books | ||
| Non-fiction | Rongo University Library | Rongo University Library | General Stacks | 22/02/2018 | BF121.W334 2005 | 20155235 | Long Loan Books | ||
| Non-fiction | Rongo University Library | Rongo University Library | General Stacks | 15/06/2020 | BF121.W334 2005 | 201901907 | Long Loan Books | ||
| Non-fiction | Rongo University Library | Rongo University Library | General Stacks | 03/10/2022 | BF121.W334 2005 | 201615987 | Long Loan Books | ||
| Non-fiction | Rongo University Library | Rongo University Library | General Stacks | 03/10/2022 | BF121.W334 2005 | 20153340 | Long Loan Books | ||
| Non-fiction | Rongo University Library | Rongo University Library | General Stacks | 03/10/2022 | BF121.W334 2005 | 201615981 | Long Loan Books | ||
| Non-fiction | Rongo University Library | Rongo University Library | General Stacks | 05/10/2022 | BF121.W334 2005 | 201616128 | Long Loan Books | ||
| Non-fiction | Rongo University Library | Rongo University Library | General Stacks | 05/10/2022 | BF121.W334 2005 | 201615745 | Long Loan Books | ||
| Non-fiction | Rongo University Library | Rongo University Library | General Stacks | 05/10/2022 | BF121.W334 2005 | 201614933 | Long Loan Books | ||
| Non-fiction | Rongo University Library | Rongo University Library | General Stacks | 05/10/2022 | BF121.W334 2005 | 201615184 | Long Loan Books | ||
| Non-fiction | Rongo University Library | Rongo University Library | General Stacks | 05/10/2022 | BF121.W334 2005 | 201614932 | Long Loan Books |
